000 01204nam a2200289 i 4500
001 000013761
003 DO-SdBNP
005 20250520113530.0
008 091130s1985 dr a 001 0 spa d
040 _aDO-SdBNP
_bspa
_cBNPHU
049 _aBNPD
082 4 _a150
_bR426p
_222
110 1 _aRepública Dominicana.
_bSecretaría de Estado de Educación, Bellas Artes y Cultos
_923965
245 1 0 _aPsicología /
_cAugusto C. González Pérez, Elpidio Rosa Sosa, Miriam A. Toribio S., Liliam M. Ureña Guzmán, Elbia Alt. Vargas M. ; coordinador, Antonia Mejía.
264 _aSanto Domingo :
_bDirección General de Medios Educativos,
_c1985.
300 _a188, xxiv p. :
_bil. ;
_c23 cm.
504 _aBibliografía : páginas 187-188
650 0 _aPsicología
_9152
650 4 _aPsicología del aprendizaje
_92721
700 1 _aGonzález Pérez, Augusto C.,
_eautor
_4aut.
_931230
700 1 _aRosa Sosa, Elpidio,
_eautor
_4aut.
_931231
700 1 _aToribio S., Miriam A.,
_eautor
_4aut.
_931232
700 1 _aUreña Guzmán, Liliam M.,
_eautor
_4aut.
_931233
700 1 _aVargas M., Elbia Alt.,
_eautor
_4aut.
_931234
700 1 _aMejía, Antonia,
_ecoordinador
_4coord.
_931235
942 _2ddc
_cLBS1
999 _c13374
_d13374